000 00539nam a2200181Ia 4500
003 OSt
005 20200214111500.0
008 190216s9999||||xx |||||||||||||| ||und||
020 _a9788172049386
040 _coclc
082 _a297
_bALG/I
100 _aAl Gazzali, Muhammed
_91982
245 0 _aIslamika Jeevitham Prasnangalum Prayasangalum /
_cMuhammed Al Gazzali
250 _a3rd ed.
260 _bIslamic Publishing House,
_c2003.
_aKozhikode:
300 _a78p
942 _cBK
_2ddc
_h297
_iALG/I
_k297
_mALG/I
999 _c22730
_d22730